000 00384nam a22001337a 4500
020 _a0130891614
040 _cNUST
082 _a621.395 CIL
100 _aCiletti, Michael D
_952068
245 _aAdvanced Digital Design With the Verilog HDL
260 _aNew Jersey:
_bPearson Education,
_c2003.
650 _aAdvanced Digital Design With the Verilog HDL
_9114231
942 _2ddc
_cBK
999 _c595602
_d595602